Geography of Australia on a Map - Statistics

General Stats
  • This quiz has been taken 93 times
  • The average score is 12 of 23
Answers on the Map
Answers color-coded by a green-red scale on the quiz's map according to % correct below.
 
Answer Stats
Answer % Correct
Tasmania
98%
Murray River
87%
Great Dividing Range
85%
Great Australian Bight
83%
Uluru
80%
Cape York Peninsula
78%
Great Barrier Reef
78%
Great Sandy Desert
65%
Darling River
63%
Mount Kosciuszko
57%
Bass Strait
54%
Gulf of Carpentaria
54%
Torres Strait
50%
Lake Eyre
48%
Great Victoria Desert
46%
Simpson Desert
43%
Nullarbor Plain
33%
Tiwi Islands
26%
Gibson Desert
20%
Tanami Desert
11%
Lachlan River
9%
Lake Torrens
7%
Murrumbidgee River
4%
No matching quizzes found
Score Distribution
Percent of People with Each Score
Percentile by Number Answered
Your Score History
You have not taken this quiz